000 00591nam a2200205Ia 4500
005 20250508165502.0
008 008 250505s9999 xx 000 0 eng d
020 _a978-81-250-4603-5
037 _aTextual
040 _aFEDL
_beng
_cFEDL
041 _aeng
_2eng
084 _a351.54, PAL
_qFEDL
100 _aPalanithurai G
245 0 _aDecentralisation in India: Critical issues from the field
260 _aNew Delhi, India
_bConcept Publishing Company
_c2009
300 _a263p.
365 _aINR
_b600
942 _cTEXL
_h351.54, PAL
999 _c1395373
_d1395373